We were, are, and will remain discriminated against: (Record no. 507620)

000 -LEADER
fixed length control field 00416nam a2200133 4500
008 - FIXED-LENGTH DATA ELEMENTS--GENERAL INFORMATION
fixed length control field 190220b ||||| |||| 00| 0 eng d
100 ## - MAIN ENTRY--PERSONAL NAME
Personal name Kumar, Niraj
245 ## - TITLE STATEMENT
Title We were, are, and will remain discriminated against:
Remainder of title status of transgender persons in Odisha
260 ## - PUBLICATION, DISTRIBUTION, ETC. (IMPRINT)
Date of publication, distribution, etc 2018
300 ## - PHYSICAL DESCRIPTION
Extent p.30-35.
773 ## - HOST ITEM ENTRY
Main entry heading Economic and Political Weekly
906 ## - LOCAL DATA ELEMENT F, LDF (RLIN)
Subject DIP Transgender - India - Odisha
942 ## - ADDED ENTRY ELEMENTS (KOHA)
Source of classification or shelving scheme
Item type Articles
Holdings
Withdrawn status Lost status Source of classification or shelving scheme Damaged status Not for loan Permanent location Current location Date acquired Serial Enumeration / chronology Barcode Date last seen Koha item type
          Indian Institute of Public Administration Indian Institute of Public Administration 2019-02-20 53(34), 25 Aug, 2018: p.30-35. AR118952 2019-02-20 Articles

Powered by Koha